| 000 | 01318nam a22002295a 4500 | ||
|---|---|---|---|
| 003 | OSt | ||
| 005 | 20180123145923.0 | ||
| 008 | 180123s2013 ua frb 000 0 ara d | ||
| 040 |
_aEG-ScBUE _bara _cEG-ScBUE |
||
| 043 | _af-ua--- | ||
| 082 | 0 | 4 |
_a343.0252 _bم ح م _222 |
| 100 | 1 | _aمحمد، عجمي منصور. | |
| 245 | 1 | 2 |
_aالمشكلات العملية في نزع الملكية العقارية والاستيلاء المؤقت عليها : _bفي ضوء قوانين نزع الملكية العقارية والاستيلاء المؤقت عليها والتشريعات المرتبطة بها معلقا عليها بأحكام محكمة النقض منذ إنشائها وحتى الآن وفتاوى وأحكام محاكم مجلس الدولة وأحكام المحكمة الدستورية العليا / _cعجمي منصور محمد. |
| 260 |
_aالقاهرة : _bنادي القضاة، _c2013. |
||
| 504 | _aيشتمل على إرجاعات ببليوجرافية. | ||
| 541 |
_aدكتور أحمد حمد ؛ _cإهداء ؛ |
||
| 650 | 7 |
_aنزع الملكية _xقوانين وتشريعات _zمصر. _2BUEsh |
|
| 650 | 7 |
_aالملكية العقارية _xقوانين وتشريعات _zمصر. _2BUEsh _940901 |
|
| 651 | _2BUEsh | ||
| 653 |
_bLLAAWW _cJanuary2018 |
||
| 942 | _2ddc | ||
| 999 |
_c26004 _d25976 |
||